000 01303cam a2200385 ib4500
999 _c6508
_d6508
001 vtls001888844
003 NUKAT
005 20181022142743.0
008 101129s1958 gw a f e |001 0 eng c
035 _axx001888844
039 9 _a201806261123
_bvps
_c201701271217
_dkopwat
_c201512220222
_dVLOAD
_c201512210233
_dVLOAD
040 _aGD U/DC
_cGD U/DC
_dGD U/JDs
041 0 _aeng
_ager
245 0 0 _aElektrische Felder und Wellen =
_bElectric fields and waves /
_chrsg. von S. Flügge.
246 3 1 _aElectric fields and waves
260 _aBerlin [etc.] :
_bSpringer-Verlag,
_c1958.
300 _aVII, 753 s. :
_bil. ;
_c26 cm.
490 1 _aHandbuch der physik = Encyclopedia of physics / hrsg. S. Flügge ;
_vBd. 16
504 _aBibliogr. przy rozdz. Indeksy.
546 _aTekst w jęz. ang. i częśc. w niem.
650 _aFale elektromagnetyczne.
650 _aFale elektryczne.
650 _aPole elektromagnetyczne.
650 _aPole elektryczne.
650 _aFizyka.
951 _aKIEL_010
700 1 _aFlügge, Siegfried
_d(1912-1997).
_eRed.
710 2 _aSpringer-Verlag (Berlin).
_4pbl
830 0 _aHandbuch der Physik (Berlin ; 1955)
_vBd. 16
942 _2ddc
_cBK
960 _aGD_U